[Event "Team Championship Russia (Rapid, Men)"]
[Site "Sochi"]
[Date "2018.10.08"]
[Round "3.16"]
[White "Pogromsky, Mikhail"]
[Black "Kezin, Roman"]
[Result "1-0"]
[BlackElo "2462"]
[WhiteElo "2462"]
[LiveChessVersion "1.4.8"]

1. Nf3 {[%clk 0:15:17]} d5 {[%clk 0:15:19]} 2. d4 {[%clk 0:15:13]} Nf6
{[%clk 0:15:27]} 3. c4 {[%clk 0:15:17]} e6 {[%clk 0:15:36]} 4. g3
{[%clk 0:15:20]} Be7 {[%clk 0:15:45]} 5. Bg2 {[%clk 0:15:22]} O-O
{[%clk 0:15:53]} 6. O-O {[%clk 0:15:27]} dxc4 {[%clk 0:16:02]} 7. Qc2
{[%clk 0:15:23]} b5 {[%clk 0:15:59]} 8. a4 {[%clk 0:15:01]} b4 {[%clk 0:16:08]}
9. Nfd2 {[%clk 0:14:34]} c6 {[%clk 0:16:14]} 10. Nxc4 {[%clk 0:14:36]} Qxd4
{[%clk 0:16:22]} 11. Rd1 {[%clk 0:12:57]} Qc5 {[%clk 0:16:30]} 12. Be3
{[%clk 0:12:08]} Qh5 {[%clk 0:16:30]} 13. Bf3 {[%clk 0:11:26]} Ng4
{[%clk 0:15:53]} 14. h4 {[%clk 0:11:17]} e5 {[%clk 0:07:31]} 15. Nbd2
{[%clk 0:08:48]} Be6 {[%clk 0:07:39]} 16. Nf1 {[%clk 0:07:36]} Nd7
{[%clk 0:07:01]} 17. Nh2 {[%clk 0:07:29]} Nxe3 {[%clk 0:02:16]} 18. Nxe3
{[%clk 0:07:27]} Qg6 {[%clk 0:02:24]} 19. Qxg6 {[%clk 0:06:56]} hxg6
{[%clk 0:02:33]} 20. Bxc6 {[%clk 0:06:53]} Rad8 {[%clk 0:02:42]} 21. Nf3
{[%clk 0:06:33]} Nc5 {[%clk 0:02:08]} 22. Nxe5 {[%clk 0:05:52]} Bb3
{[%clk 0:01:26]} 23. Rxd8 {[%clk 0:04:49]} Rxd8 {[%clk 0:01:35]} 24. Bb5
{[%clk 0:03:26]} Bf6 {[%clk 0:00:26]} 25. Nd3 {[%clk 0:02:47]} Nxd3
{[%clk 0:00:24]} 26. Bxd3 {[%clk 0:02:15]} Rc8 {[%clk 0:00:31]} 27. Kg2
{[%clk 0:01:26]} Be6 {[%clk 0:00:37]} 28. Rb1 {[%clk 0:01:31]} Ba2
{[%clk 0:00:37]} 29. Ra1 {[%clk 0:01:38]} Be6 30. Rb1 Ba2 31. Ra1 Be6
{[%clk 0:00:16]} 32. Rb1 {[%clk 0:02:07]} b3 {[%clk 0:00:15]} 33. a5
{[%clk 0:01:51]} Rc5 {[%clk 0:00:21]} 34. a6 {[%clk 0:01:59]} Ra5
{[%clk 0:00:30]} 35. Bc4 {[%clk 0:02:03]} Bxc4 {[%clk 0:00:33]} 36. Nxc4
{[%clk 0:02:12]} Rxa6 {[%clk 0:00:42]} 37. Nd2 {[%clk 0:02:10]} Ra2
{[%clk 0:00:30]} 38. Nxb3 {[%clk 0:02:18]} Rxb2 {[%clk 0:00:37]} 39. Rxb2
{[%clk 0:02:25]} Bxb2 {[%clk 0:00:46]} 40. Kf3 {[%clk 0:02:26]} Kf8
{[%clk 0:00:46]} 41. Ke4 {[%clk 0:02:35]} Ke7 {[%clk 0:00:55]} 42. Kd5
{[%clk 0:02:43]} Bc3 {[%clk 0:01:01]} 43. Nc5 {[%clk 0:02:45]} a5
{[%clk 0:00:46]} 44. g4 {[%clk 0:01:25]} Bb4 {[%clk 0:00:14]} 45. Nd3
{[%clk 0:01:33]} Bd6 {[%clk 0:00:20]} 46. Nb2 {[%clk 0:01:17]} Bb4
{[%clk 0:00:19]} 47. Nd3 {[%clk 0:01:26]} Bd6 {[%clk 0:00:23]} 48. Nb2
{[%clk 0:01:35]} Ba3 {[%clk 0:00:18]} 49. Nd3 {[%clk 0:01:35]} a4
{[%clk 0:00:21]} 50. e4 {[%clk 0:01:33]} Bb2 {[%clk 0:00:13]} 51. Kc4
{[%clk 0:01:28]} a3 {[%clk 0:00:15]} 52. Kb3 {[%clk 0:01:33]} Kd6
{[%clk 0:00:23]} 53. f4 {[%clk 0:01:32]} Kc6 {[%clk 0:00:19]} 54. Nxb2
{[%clk 0:01:35]} axb2 {[%clk 0:00:28]} 55. Kxb2 {[%clk 0:01:45]} Kb6
{[%clk 0:00:21]} 56. Kc3 {[%clk 0:01:43]} Kc5 57. Kd3 Kc6 {[%clk 0:00:39]} 58.
Kc4 {[%clk 0:02:00]} Kd6 {[%clk 0:00:48]} 59. e5+ {[%clk 0:01:50]} Kc6
{[%clk 0:00:55]} 60. Kd4 {[%clk 0:01:59]} Kc7 {[%clk 0:00:59]} 61. f5
{[%clk 0:02:00]} gxf5 {[%clk 0:01:04]} 62. gxf5 {[%clk 0:02:09]} Kd7
{[%clk 0:00:53]} 63. h5 {[%clk 0:02:10]} Ke7 {[%clk 0:01:02]} 64. Ke4
{[%clk 0:02:18]} Ke8 {[%clk 0:01:07]} 65. Kf4 {[%clk 0:02:27]} Ke7
{[%clk 0:00:25]} 66. Kg5 {[%clk 0:02:30]} Kf8 {[%clk 0:00:24]} 67. f6
{[%clk 0:02:37]} 1-0

[Event "Team Championship Russia (Rapid, Men)"]
[Site "Sochi"]
[Date "2018.10.08"]
[Round "3.17"]
[White "Rakhmanov, Aleksandr"]
[Black "Chekhov, Sergei"]
[Result "1-0"]
[BlackElo "2487"]
[WhiteElo "2688"]
[LiveChessVersion "1.4.8"]

1. c4 {[%clk 0:15:18]} Nf6 {[%clk 0:15:14]} 2. Nc3 {[%clk 0:15:26]} c5
{[%clk 0:15:22]} 3. Nf3 {[%clk 0:15:34]} e6 {[%clk 0:15:30]} 4. e4
{[%clk 0:15:43]} d6 {[%clk 0:15:20]} 5. d4 {[%clk 0:15:45]} cxd4 {[%clk 0:15:28]}
6. Nxd4 {[%clk 0:15:54]} a6 {[%clk 0:15:33]} 7. Be3 {[%clk 0:16:01]} Be7
{[%clk 0:15:41]} 8. g3 {[%clk 0:16:08]} Qc7 {[%clk 0:15:47]} 9. Rc1
{[%clk 0:16:14]} b6 {[%clk 0:15:54]} 10. Bg2 {[%clk 0:16:21]} Bb7
{[%clk 0:16:04]} 11. O-O {[%clk 0:16:28]} Nbd7 {[%clk 0:16:00]} 12. h3
{[%clk 0:14:52]} O-O {[%clk 0:16:02]} 13. b3 {[%clk 0:14:50]} Rfe8
{[%clk 0:16:10]} 14. g4 {[%clk 0:14:52]} Nc5 {[%clk 0:16:06]} 15. Qc2
{[%clk 0:14:59]} g6 {[%clk 0:15:56]} 16. Nde2 {[%clk 0:14:43]} Rac8
{[%clk 0:15:55]} 17. Ng3 {[%clk 0:14:44]} e5 {[%clk 0:12:54]} 18. g5
{[%clk 0:14:30]} Nfd7 {[%clk 0:13:01]} 19. Nd5 {[%clk 0:14:32]} Bxd5
{[%clk 0:12:36]} 20. cxd5 {[%clk 0:13:47]} Qd8 {[%clk 0:12:12]} 21. h4
{[%clk 0:10:56]} b5 {[%clk 0:10:56]} 22. b4 {[%clk 0:08:40]} Na4 {[%clk 0:10:56]}
23. Qxc8 {[%clk 0:08:57]} Qxc8 {[%clk 0:11:05]} 24. Rxc8 {[%clk 0:09:06]} Rxc8
{[%clk 0:11:14]} 25. Bh3 Rc7 {[%clk 0:10:45]} 26. Bxd7 {[%clk 0:09:15]} Rxd7
{[%clk 0:10:54]} 27. Rc1 {[%clk 0:09:24]} Nb2 {[%clk 0:04:31]} 28. Rc8+
{[%clk 0:09:21]} Kg7 {[%clk 0:04:38]} 29. h5 {[%clk 0:09:16]} h6 {[%clk 0:03:50]}
30. gxh6+ {[%clk 0:08:50]} Kh7 {[%clk 0:04:00]} 31. hxg6+ {[%clk 0:08:52]} fxg6
{[%clk 0:04:09]} 32. Ra8 {[%clk 0:08:25]} Nc4 {[%clk 0:02:45]} 33. Bc1
{[%clk 0:08:34]} Bd8 {[%clk 0:02:47]} 34. Rxa6 {[%clk 0:08:42]} Bb6
{[%clk 0:02:56]} 35. a4 {[%clk 0:08:51]} Rf7 {[%clk 0:03:01]} 36. Nh1
{[%clk 0:08:55]} bxa4 {[%clk 0:02:29]} 37. Rxa4 {[%clk 0:08:53]} g5
{[%clk 0:00:21]} 38. b5 {[%clk 0:08:13]} Rc7 {[%clk 0:00:31]} 39. Bxg5
{[%clk 0:08:20]} Rc8 {[%clk 0:00:40]} 40. Bc1 {[%clk 0:07:38]} Na5
{[%clk 0:00:38]} 41. Be3 {[%clk 0:06:35]} Bxe3 {[%clk 0:00:47]} 42. fxe3
{[%clk 0:06:33]} Rc1+ {[%clk 0:00:57]} 43. Kf2 {[%clk 0:06:18]} Nc4
{[%clk 0:01:04]} 44. Ng3 {[%clk 0:06:18]} Kxh6 {[%clk 0:01:13]} 45. Nf5+
{[%clk 0:05:06]} Kg5 {[%clk 0:01:22]} 46. Ke2 {[%clk 0:04:44]} Nb2
{[%clk 0:01:12]} 47. Ra6 {[%clk 0:04:12]} Rc2+ {[%clk 0:01:19]} 48. Kf3
{[%clk 0:03:46]} Nd3 {[%clk 0:00:47]} 49. Nxd6 {[%clk 0:03:34]} Ne1+
{[%clk 0:00:37]} 50. Kg3 {[%clk 0:03:43]} Rg2+ {[%clk 0:00:45]} 51. Kh3
{[%clk 0:03:52]} Rb2 {[%clk 0:00:37]} 52. Nf7+ {[%clk 0:03:58]} 1-0

[Event "Team Championship Russia (Rapid, Men)"]
[Site "Sochi"]
[Date "2018.10.08"]
[Round "3.19"]
[White "Moiseenko, Vadim"]
[Black "Kostin, Alexey"]
[Result "1-0"]
[BlackElo "2264"]
[WhiteElo "2577"]
[LiveChessVersion "1.4.8"]

1. Nf3 {[%clk 0:15:18]} Nf6 {[%clk 0:15:18]} 2. b3 {[%clk 0:15:27]} d6
{[%clk 0:15:19]} 3. Bb2 {[%clk 0:15:31]} e5 {[%clk 0:15:27]} 4. c4
{[%clk 0:15:25]} g6 {[%clk 0:15:32]} 5. g3 {[%clk 0:14:54]} Bg7 {[%clk 0:15:38]}
6. Bg2 {[%clk 0:15:02]} O-O {[%clk 0:15:44]} 7. O-O {[%clk 0:14:31]} Qe7
{[%clk 0:15:46]} 8. d3 {[%clk 0:14:37]} Nbd7 {[%clk 0:15:41]} 9. Nc3
{[%clk 0:14:19]} Re8 {[%clk 0:15:44]} 10. a3 {[%clk 0:13:55]} a5 {[%clk 0:15:33]}
11. b4 {[%clk 0:13:24]} c6 {[%clk 0:15:37]} 12. Qc2 {[%clk 0:13:05]} Nb6
{[%clk 0:15:18]} 13. Nd2 {[%clk 0:12:41]} d5 {[%clk 0:14:38]} 14. cxd5
{[%clk 0:12:45]} Nbxd5 {[%clk 0:14:37]} 15. b5 {[%clk 0:12:40]} Nxc3
{[%clk 0:14:31]} 16. Bxc3 {[%clk 0:12:45]} cxb5 {[%clk 0:14:31]} 17. Rfb1
{[%clk 0:12:53]} Bd7 {[%clk 0:13:35]} 18. Bxb7 {[%clk 0:13:00]} Rab8
{[%clk 0:13:39]} 19. Bg2 {[%clk 0:13:01]} b4 {[%clk 0:13:09]} 20. axb4
{[%clk 0:12:00]} axb4 {[%clk 0:13:17]} 21. Bb2 {[%clk 0:12:09]} Rec8
{[%clk 0:13:05]} 22. Qd1 {[%clk 0:11:20]} Bc6 {[%clk 0:12:55]} 23. Nf3
{[%clk 0:10:21]} Nd5 {[%clk 0:11:16]} 24. Qb3 {[%clk 0:10:29]} h6
{[%clk 0:08:48]} 25. Nxe5 {[%clk 0:09:18]} Bxe5 {[%clk 0:08:29]} 26. Bxd5
{[%clk 0:09:27]} Be8 {[%clk 0:08:23]} 27. Ra6 {[%clk 0:07:42]} Kg7
{[%clk 0:08:13]} 28. Re6 fxe6 {[%clk 0:08:08]} 29. Bxe5+ {[%clk 0:07:20]} Kh7
{[%clk 0:08:15]} 30. Bxe6 {[%clk 0:07:23]} Bc6 {[%clk 0:06:03]} 31. Bxb8
{[%clk 0:06:06]} Rxb8 {[%clk 0:06:07]} 32. Rc1 {[%clk 0:05:43]} Qd6
{[%clk 0:05:37]} 33. e4 {[%clk 0:05:31]} Be8 {[%clk 0:05:33]} 34. Ra1
{[%clk 0:04:44]} Qc5 {[%clk 0:05:06]} 35. Kg2 {[%clk 0:04:20]} Bc6
{[%clk 0:04:55]} 36. Ra2 {[%clk 0:03:34]} Qd4 {[%clk 0:04:33]} 37. Rc2
{[%clk 0:03:34]} Rb6 {[%clk 0:04:32]} 38. Bg8+ {[%clk 0:02:47]} Kh8
{[%clk 0:03:59]} 39. Qf7 {[%clk 0:02:37]} Bxe4+ {[%clk 0:03:04]} 40. dxe4
{[%clk 0:02:45]} Qxe4+ {[%clk 0:03:12]} 41. Kh3 {[%clk 0:02:53]} Rb7
{[%clk 0:03:17]} 42. Qf6+ {[%clk 0:03:00]} Rg7 {[%clk 0:03:14]} 43. Rc7
{[%clk 0:02:40]} Qf5+ {[%clk 0:03:06]} 44. Qxf5 {[%clk 0:02:48]} gxf5
{[%clk 0:03:15]} 45. Rxg7 {[%clk 0:02:56]} Kxg7 {[%clk 0:03:23]} 46. Bb3
{[%clk 0:03:05]} 1-0

[Event "Team Championship Russia (Rapid, Men)"]
[Site "Sochi"]
[Date "2018.10.08"]
[Round "3.21"]
[White "Shariyazdanov, Andrey"]
[Black "Kryakvin, Dmitry"]
[Result "1/2-1/2"]
[BlackElo "2559"]
[WhiteElo "2439"]
[LiveChessVersion "1.4.8"]

1. Nf3 {[%clk 0:15:17]} Nf6 {[%clk 0:15:17]} 2. c4 {[%clk 0:15:26]} e6
{[%clk 0:15:20]} 3. Nc3 {[%clk 0:15:21]} Bb4 {[%clk 0:15:04]} 4. Qc2
{[%clk 0:15:14]} c5 {[%clk 0:15:13]} 5. a3 {[%clk 0:15:19]} Ba5 {[%clk 0:15:17]}
6. e3 {[%clk 0:15:20]} O-O {[%clk 0:14:56]} 7. d4 {[%clk 0:15:08]} b6
{[%clk 0:14:50]} 8. Be2 {[%clk 0:14:17]} Bb7 {[%clk 0:14:25]} 9. O-O
{[%clk 0:14:25]} Bxc3 {[%clk 0:13:15]} 10. Qxc3 {[%clk 0:14:30]} d6
{[%clk 0:13:23]} 11. b4 {[%clk 0:14:27]} Ne4 {[%clk 0:12:55]} 12. Qc2
{[%clk 0:14:29]} Nd7 {[%clk 0:13:03]} 13. Bb2 {[%clk 0:14:37]} f5
{[%clk 0:13:03]} 1/2-1/2

[Event "Team Championship Russia (Rapid, Men)"]
[Site "Sochi"]
[Date "2018.10.08"]
[Round "3.22"]
[White "Demidov, Mikhail"]
[Black "Shkurkin, Andrey"]
[Result "1/2-1/2"]
[BlackElo "2090"]
[WhiteElo "2595"]
[LiveChessVersion "1.4.8"]

1. Nf3 {[%clk 0:15:18]} c5 {[%clk 0:15:16]} 2. g3 {[%clk 0:15:27]} Nc6
{[%clk 0:15:17]} 3. Bg2 {[%clk 0:15:35]} g6 {[%clk 0:15:24]} 4. O-O
{[%clk 0:15:41]} Bg7 {[%clk 0:15:31]} 5. d3 {[%clk 0:15:50]} d5 {[%clk 0:15:18]}
6. Nbd2 {[%clk 0:15:53]} Nf6 {[%clk 0:15:23]} 7. e4 {[%clk 0:16:01]} O-O
{[%clk 0:14:36]} 8. exd5 {[%clk 0:15:52]} Nxd5 {[%clk 0:14:18]} 9. Re1
{[%clk 0:15:56]} e6 {[%clk 0:13:44]} 10. Nc4 {[%clk 0:15:42]} b6 {[%clk 0:12:49]}
11. a4 {[%clk 0:15:46]} Bb7 {[%clk 0:12:06]} 12. h4 {[%clk 0:15:11]} Qc7
{[%clk 0:10:57]} 13. c3 {[%clk 0:14:17]} Rfd8 {[%clk 0:10:22]} 14. h5
{[%clk 0:14:03]} a6 {[%clk 0:09:38]} 15. hxg6 {[%clk 0:11:44]} hxg6
{[%clk 0:09:45]} 16. Ng5 {[%clk 0:11:48]} b5 {[%clk 0:08:55]} 17. axb5
{[%clk 0:10:45]} axb5 {[%clk 0:09:03]} 18. Rxa8 {[%clk 0:10:54]} Bxa8
{[%clk 0:08:28]} 19. Ne3 {[%clk 0:11:01]} b4 {[%clk 0:06:53]} 20. Nxd5
{[%clk 0:10:20]} exd5 {[%clk 0:07:00]} 21. Bxd5 {[%clk 0:09:13]} Rxd5
{[%clk 0:04:49]} 22. Re8+ {[%clk 0:09:20]} Bf8 {[%clk 0:04:02]} 23. Rxa8
{[%clk 0:02:37]} Ne5 {[%clk 0:02:58]} 24. Bf4 Qb7 25. Qa4 {[%clk 0:01:03]} Qd7
{[%clk 0:00:25]} 26. Bxe5 {[%clk 0:00:43]} Qxa4 {[%clk 0:00:32]} 27. Rxa4
{[%clk 0:00:52]} Rxe5 28. Ne4 {[%clk 0:00:40]} c4 {[%clk 0:00:12]} 29. f4
{[%clk 0:00:18]} Re6 {[%clk 0:00:14]} 30. Kf2 {[%clk 0:00:23]} bxc3
{[%clk 0:00:13]} 31. bxc3 {[%clk 0:00:28]} cxd3 {[%clk 0:00:20]} 32. Kf3
{[%clk 0:00:23]} f5 {[%clk 0:00:14]} 33. Nf2 {[%clk 0:00:27]} Bc5
{[%clk 0:00:14]} 34. Nd1 {[%clk 0:00:20]} Re2 {[%clk 0:00:11]} 35. Ra5
{[%clk 0:00:19]} Bb6 {[%clk 0:00:15]} 36. Rb5 {[%clk 0:00:27]} Bg1
{[%clk 0:00:14]} 37. Rb2 {[%clk 0:00:26]} Rc2 {[%clk 0:00:14]} 38. g4
{[%clk 0:00:20]} fxg4+ {[%clk 0:00:18]} 39. Kxg4 {[%clk 0:00:28]} Kf7
{[%clk 0:00:12]} 40. Kf3 {[%clk 0:00:36]} Ke6 {[%clk 0:00:12]} 41. Rb1
{[%clk 0:00:25]} Re2 {[%clk 0:00:13]} 42. Nb2 {[%clk 0:00:32]} Ba7
{[%clk 0:00:14]} 43. Nd1 {[%clk 0:00:21]} Bg1 {[%clk 0:00:13]} 44. Rb2
{[%clk 0:00:21]} Rc2 {[%clk 0:00:15]} 45. Ke4 {[%clk 0:00:20]} Re2+
{[%clk 0:00:16]} 46. Kxd3 {[%clk 0:00:26]} Rxb2 {[%clk 0:00:24]} 47. Nxb2
{[%clk 0:00:35]} Kf5 {[%clk 0:00:32]} 48. Ke2 {[%clk 0:00:39]} Kxf4
{[%clk 0:00:38]} 49. Nd3+ {[%clk 0:00:47]} Kg3 {[%clk 0:00:36]} 50. Ne5
{[%clk 0:00:54]} g5 {[%clk 0:00:13]} 51. Nf3 {[%clk 0:01:02]} Bc5
{[%clk 0:00:14]} 52. Nxg5 {[%clk 0:01:11]} Kg4 {[%clk 0:00:19]} 53. Ne6
{[%clk 0:01:16]} Bd6 {[%clk 0:00:15]} 54. Kd3 {[%clk 0:01:24]} Kf5
{[%clk 0:00:20]} 55. Nd4+ {[%clk 0:01:33]} Ke5 {[%clk 0:00:26]} 56. Kc4
{[%clk 0:01:41]} Bf8 {[%clk 0:00:26]} 57. Nc6+ {[%clk 0:01:48]} Kd6
{[%clk 0:00:33]} 58. Kb5 {[%clk 0:01:56]} Bg7 {[%clk 0:00:35]} 59. c4
{[%clk 0:02:05]} Kc7 {[%clk 0:00:41]} 60. Ne7 {[%clk 0:02:12]} Bd4
{[%clk 0:00:36]} 61. Nf5 {[%clk 0:02:16]} Bf2 {[%clk 0:00:42]} 62. Kb4
{[%clk 0:02:23]} Kc6 {[%clk 0:00:46]} 63. Kc3 {[%clk 0:02:32]} Kc5
{[%clk 0:00:47]} 64. Kd3 {[%clk 0:02:41]} Bg1 {[%clk 0:00:49]} 65. Ng3
{[%clk 0:02:50]} Kc6 {[%clk 0:00:41]} 66. Ne2 {[%clk 0:02:53]} Bc5
{[%clk 0:00:37]} 67. Ng3 {[%clk 0:03:02]} Bg1 {[%clk 0:00:43]} 68. Kc3
{[%clk 0:02:54]} Bc5 {[%clk 0:00:44]} 69. Nh5 {[%clk 0:02:55]} Kd6
{[%clk 0:00:44]} 70. Kd3 {[%clk 0:03:00]} Kc6 {[%clk 0:00:52]} 71. Ng3
{[%clk 0:03:09]} Bg1 {[%clk 0:00:58]} 72. Ne4 {[%clk 0:03:14]} Bc5
{[%clk 0:00:57]} 73. Nxc5 {[%clk 0:03:16]} Kxc5 {[%clk 0:01:06]} 74. Kc3
{[%clk 0:03:25]} Kc6 {[%clk 0:01:14]} 75. Kd4 {[%clk 0:03:35]} Kd6
{[%clk 0:01:24]} 76. c5+ {[%clk 0:03:44]} Kc6 {[%clk 0:01:33]} 77. Kc4
{[%clk 0:03:53]} Kc7 {[%clk 0:01:41]} 78. Kb5 {[%clk 0:04:02]} Kb7
{[%clk 0:01:47]} 79. c6+ {[%clk 0:04:11]} Kc7 {[%clk 0:01:55]} 80. Kc5
{[%clk 0:04:20]} Kc8 {[%clk 0:02:02]} 81. Kd6 {[%clk 0:04:29]} Kd8
{[%clk 0:02:11]} 82. c7+ {[%clk 0:04:37]} Kc8 {[%clk 0:02:20]} 83. Kc6 1/2-1/2

[Event "Team Championship Russia (Rapid, Men)"]
[Site "Sochi"]
[Date "2018.10.08"]
[Round "3.23"]
[White "Ivlev, Aleksey"]
[Black "Kozionov, Kirill"]
[Result "1/2-1/2"]
[BlackElo "2475"]
[WhiteElo "2387"]
[LiveChessVersion "1.4.8"]

1. d4 {[%clk 0:15:20]} Nf6 {[%clk 0:15:18]} 2. c4 {[%clk 0:15:27]} g6
{[%clk 0:15:26]} 3. Nf3 {[%clk 0:15:25]} Bg7 {[%clk 0:15:34]} 4. g3
{[%clk 0:15:34]} O-O {[%clk 0:15:38]} 5. Bg2 {[%clk 0:15:43]} d6 {[%clk 0:14:59]}
6. Nc3 {[%clk 0:15:45]} Nc6 {[%clk 0:15:05]} 7. O-O {[%clk 0:15:50]} e5
{[%clk 0:15:11]} 8. dxe5 {[%clk 0:15:43]} Nxe5 {[%clk 0:15:19]} 9. Nxe5
{[%clk 0:15:45]} dxe5 {[%clk 0:15:27]} 10. Qxd8 {[%clk 0:15:53]} Rxd8
{[%clk 0:15:35]} 11. Bg5 {[%clk 0:16:02]} Rd4 {[%clk 0:15:44]} 12. Be3
{[%clk 0:12:36]} Rxc4 {[%clk 0:11:09]} 13. Rac1 {[%clk 0:10:42]} e4
{[%clk 0:09:34]} 14. b3 {[%clk 0:09:37]} Rc6 {[%clk 0:09:21]} 15. Nxe4
{[%clk 0:08:58]} Rxc1 {[%clk 0:08:47]} 16. Rxc1 {[%clk 0:09:00]} Nxe4
{[%clk 0:08:43]} 17. Bxe4 {[%clk 0:09:07]} c6 {[%clk 0:08:41]} 18. a4
{[%clk 0:06:46]} Be6 {[%clk 0:05:53]} 19. b4 {[%clk 0:06:55]} a6 {[%clk 0:05:55]}
20. Bb6 {[%clk 0:05:56]} Re8 {[%clk 0:05:45]} 21. Bd3 {[%clk 0:05:58]} Bb3
{[%clk 0:04:56]} 22. Bc2 {[%clk 0:04:52]} Bb2 {[%clk 0:03:26]} 23. Rb1
{[%clk 0:05:02]} Bxc2 {[%clk 0:03:19]} 24. Rxb2 {[%clk 0:05:10]} Bxa4
{[%clk 0:02:38]} 25. f3 {[%clk 0:04:45]} Bb5 {[%clk 0:01:38]} 26. Kf2
{[%clk 0:04:28]} f6 {[%clk 0:01:19]} 27. Rd2 {[%clk 0:04:28]} Kf7
{[%clk 0:01:16]} 28. e4 {[%clk 0:03:51]} Bc4 {[%clk 0:01:02]} 29. Bc5
{[%clk 0:03:01]} Be6 {[%clk 0:01:11]} 30. h4 {[%clk 0:02:50]} h5 {[%clk 0:01:07]}
31. Rd6 {[%clk 0:02:20]} Rb8 {[%clk 0:00:38]} 32. Ba7 {[%clk 0:02:24]} Ra8
{[%clk 0:00:43]} 33. Bb6 {[%clk 0:02:31]} Ke7 {[%clk 0:00:37]} 34. Rd1
{[%clk 0:02:29]} Rg8 {[%clk 0:00:41]} 35. Be3 {[%clk 0:01:32]} Kf7
{[%clk 0:00:14]} 36. Rd6 {[%clk 0:01:02]} Ra8 {[%clk 0:00:16]} 37. Bb6
{[%clk 0:01:05]} Rc8 {[%clk 0:00:19]} 38. Ke3 {[%clk 0:00:57]} Re8
{[%clk 0:00:25]} 39. Kf2 {[%clk 0:00:23]} Rg8 {[%clk 0:00:28]} 40. Be3
{[%clk 0:00:31]} Rb8 {[%clk 0:00:19]} 41. Bb6 {[%clk 0:00:33]} Ke7
{[%clk 0:00:22]} 42. Rd2 {[%clk 0:00:39]} Re8 {[%clk 0:00:22]} 43. Ke3
{[%clk 0:00:46]} Kf7 {[%clk 0:00:22]} 44. Kd4 {[%clk 0:00:55]} Re7
{[%clk 0:00:22]} 45. Kc5 {[%clk 0:00:55]} Rd7 {[%clk 0:00:20]} 46. Rxd7+
{[%clk 0:00:58]} Bxd7 {[%clk 0:00:29]} 47. Kd6 {[%clk 0:01:07]} Be6
{[%clk 0:00:19]} 48. f4 {[%clk 0:00:39]} Bg4 {[%clk 0:00:26]} 49. e5
{[%clk 0:00:41]} fxe5 {[%clk 0:00:33]} 50. fxe5 {[%clk 0:00:49]} Bf5
{[%clk 0:00:42]} 1/2-1/2

[Event "Team Championship Russia (Rapid, Men)"]
[Site "Sochi"]
[Date "2018.10.08"]
[Round "3.24"]
[White "Apryshko, Gleb"]
[Black "Uzhva, Andrey"]
[Result "1-0"]
[BlackElo "2216"]
[WhiteElo "2369"]
[LiveChessVersion "1.4.8"]

1. e4 {[%clk 0:15:16]} c5 {[%clk 0:15:18]} 2. Nf3 {[%clk 0:15:24]} d6
{[%clk 0:15:25]} 3. d4 {[%clk 0:15:28]} cxd4 {[%clk 0:15:32]} 4. Qxd4
{[%clk 0:15:27]} a6 {[%clk 0:15:14]} 5. c4 {[%clk 0:15:35]} Nc6 {[%clk 0:15:21]}
6. Qe3 {[%clk 0:15:44]} g6 {[%clk 0:15:18]} 7. h3 {[%clk 0:15:52]} Bg7
{[%clk 0:15:22]} 8. Nc3 {[%clk 0:15:46]} Nf6 {[%clk 0:15:25]} 9. Be2
{[%clk 0:15:54]} O-O {[%clk 0:15:29]} 10. O-O {[%clk 0:16:03]} Qa5
{[%clk 0:14:31]} 11. Bd2 {[%clk 0:13:17]} Qc5 {[%clk 0:12:38]} 12. Qd3
{[%clk 0:08:52]} Nb4 {[%clk 0:08:53]} 13. Qb1 {[%clk 0:09:00]} Qc7
{[%clk 0:08:58]} 14. Rc1 {[%clk 0:08:28]} Nc6 {[%clk 0:06:51]} 15. Be3
{[%clk 0:07:15]} e6 {[%clk 0:06:47]} 16. b4 {[%clk 0:07:00]} Bd7 {[%clk 0:05:36]}
17. Qb3 {[%clk 0:06:27]} Rac8 {[%clk 0:04:41]} 18. Rd1 {[%clk 0:05:55]} Ne8
{[%clk 0:03:30]} 19. Rac1 {[%clk 0:06:01]} Ne5 {[%clk 0:03:16]} 20. Nd2
{[%clk 0:06:10]} f5 {[%clk 0:02:54]} 21. exf5 {[%clk 0:06:00]} gxf5
{[%clk 0:03:01]} 22. c5 {[%clk 0:05:14]} d5 {[%clk 0:02:04]} 23. Nf3
{[%clk 0:05:22]} Nxf3+ {[%clk 0:01:57]} 24. Bxf3 {[%clk 0:05:31]} Bc6
{[%clk 0:01:26]} 25. Ne2 {[%clk 0:04:51]} f4 {[%clk 0:01:06]} 26. Bd4
{[%clk 0:05:00]} Nf6 {[%clk 0:01:07]} 27. Qb2 {[%clk 0:05:04]} Ne4
{[%clk 0:01:13]} 28. Bg4 Rce8 {[%clk 0:01:21]} 29. Bxg7 {[%clk 0:01:05]} Qxg7
{[%clk 0:01:30]} 30. Nd4 {[%clk 0:01:06]} Rf6 {[%clk 0:01:08]} 31. Nf3
{[%clk 0:01:01]} e5 {[%clk 0:01:08]} 32. Nxe5 {[%clk 0:01:04]} Rg6
{[%clk 0:00:34]} 33. Nd3 {[%clk 0:01:04]} Qxb2 {[%clk 0:00:40]} 34. Nxb2
{[%clk 0:01:13]} Rd8 {[%clk 0:00:41]} 35. Nd3 {[%clk 0:01:18]} Nf6
{[%clk 0:00:36]} 36. Nxf4 {[%clk 0:01:20]} Rxg4 {[%clk 0:00:28]} 37. hxg4
{[%clk 0:01:28]} Nxg4 {[%clk 0:00:38]} 38. Rd4 {[%clk 0:01:23]} Nf6
{[%clk 0:00:35]} 39. Re1 {[%clk 0:01:28]} Kf7 {[%clk 0:00:43]} 40. Ne6
{[%clk 0:01:31]} Rg8 {[%clk 0:00:47]} 41. Rf4 {[%clk 0:01:23]} h6
{[%clk 0:00:40]} 42. Nd4 {[%clk 0:01:28]} Bd7 {[%clk 0:00:43]} 43. a4
{[%clk 0:01:34]} Rg7 {[%clk 0:00:24]} 44. b5 {[%clk 0:01:40]} axb5
{[%clk 0:00:31]} 45. axb5 {[%clk 0:01:49]} Kg6 {[%clk 0:00:33]} 46. f3
{[%clk 0:00:51]} Kg5 {[%clk 0:00:19]} 47. g3 {[%clk 0:00:49]} Kg6
{[%clk 0:00:20]} 48. Kf2 {[%clk 0:00:36]} Bc8 {[%clk 0:00:16]} 49. Re5
{[%clk 0:00:35]} Bd7 {[%clk 0:00:17]} 50. g4 {[%clk 0:00:23]} Rf7
{[%clk 0:00:19]} 51. Ke3 {[%clk 0:00:23]} Rg7 {[%clk 0:00:19]} 52. Nf5
{[%clk 0:00:29]} Rf7 {[%clk 0:00:20]} 53. Nxh6 {[%clk 0:00:26]} Kxh6
{[%clk 0:00:13]} 54. g5+ {[%clk 0:00:35]} Kg6 {[%clk 0:00:13]} 55. Rxf6+
{[%clk 0:00:42]} Rxf6 {[%clk 0:00:23]} 56. gxf6 {[%clk 0:00:50]} Bxb5
{[%clk 0:00:32]} 57. Re6 {[%clk 0:00:52]} Kf7 {[%clk 0:00:20]} 58. Re7+
{[%clk 0:00:57]} Kxf6 {[%clk 0:00:25]} 59. Rxb7 {[%clk 0:01:06]} Be8
{[%clk 0:00:12]} 60. Kd4 {[%clk 0:01:09]} Bh5 {[%clk 0:00:21]} 61. Rh7
{[%clk 0:00:54]} Bxf3 {[%clk 0:00:27]} 62. c6 {[%clk 0:01:03]} Be4
{[%clk 0:00:21]} 63. c7 {[%clk 0:00:58]} Bxh7 {[%clk 0:00:29]} 64. c8=Q
{[%clk 0:01:05]} Be4 {[%clk 0:00:37]} 65. Qf8+ {[%clk 0:01:11]} Ke6
{[%clk 0:00:46]} 66. Qf4 {[%clk 0:01:19]} Kd7 {[%clk 0:00:51]} 67. Qf6
{[%clk 0:01:27]} 1-0